Enlightenment and Catholicism in Europe : a transnational history /

Bibliographic Details
Corporate Author: ebrary, Inc
Other Authors: Burson, Jeffrey D. (Editor), Lehner, Ulrich L., 1976- (Editor)
Format: eBook
Language:English
Published: Notre Dame : University of Notre Dame Press, [2014]
Subjects:
Online Access:Connect to the full text of this electronic book

MARC

Tag First Indicator Second Indicator Subfields
LEADER 00000cam a22000003i 4500
001 in00003441295
006 m o d
007 cr |n|
008 140512s2014 inu ob 001 0 eng d
005 20250816213431.3
020 |a 0268075956  |q (electronic bk.) 
020 |a 9780268075958  |q (electronic bk.) 
020 |z 9780268022402  |q (pbk. : alk. paper) 
020 |z 0268022402  |q (pbk. : alk. paper) 
024 8 |a 99969927147 
035 |a (NhCcYBP)ebr10857509 
040 |a NhCcYBP  |c NhCcYBP  |d UtOrBLW 
043 |a e------ 
050 4 |a BX1361  |b .E55 2014 
082 0 4 |a 282/.409033  |2 23 
245 0 0 |a Enlightenment and Catholicism in Europe :  |b a transnational history /  |c edited by Jeffrey D. Burson and Ulrich L. Lehner. 
264 1 |a Notre Dame :  |b University of Notre Dame Press,  |c [2014] 
300 |a 1 online resource. 
336 |a text  |b txt  |2 rdacontent 
337 |a computer  |b c  |2 rdamedia 
338 |a online resource  |b cr  |2 rdacarrier 
504 |a Includes bibliographical references and index. 
505 0 0 |t Introduction: Catholicism and Enlightment, past, present, and future /  |r Jeffrey D. Burson --  |g part 1: Catholic Enlightenment and the papacy.  |t Pope Benedict XIV (1740-1758): the ambivalent enlightener /  |r Mario Rosa --  |g part 2: Catholicism and the siècle des lumières in France and Savoy.  |t Nicolas-Sylvestre Bergier (1718-1790): an enlightened anti-philosophe /  |r Jeffrey D. Burson --  |t Giacinto Sigismondo Cardinal Gerdil (1718-1802): Enlightenment as cultural and religious achievement /  |r Dries Vanysacker --  |t Adrien Lamourette (1742-1794): the unconventional revolutionary and reformer /  |r Caroline Chopelin-Blanc --  |t Joseph de Maistre (1753-1821): heir of the Enlightenment, enemy of revolutions, and spiritual progressivist /  |r Carolina Armenteros --  |t Hugues-Félicité Robert de Lamennais (1782-1854): lost sheep of the religious Enlightenment /  |r Carolina Armenteros --  |g part 3: Catholic Enlightenment in the Holy Roman Empire.  |t Benedict Stattler (1728-1797): the reinvention of Catholic theology with the help of Wolffian metaphysics /  |r Ulrich L. Lehner --  |t Beda Mayr(1742-1794): ecumenism and dialogue with modern thought /  |r Ulrich L. Lehner --  |g part 4: Catholicism, Enlightenment, and Habsbug Europe.  |t Franz Stephan Rautenstrauch (1734-1785): church reform for the sake of the state /  |t Thomas Wallnig --  |t Johann Pezzl (1756-1823): Enlightenment in the satirical mode /  |r Ritchie Robertson --  |g part 5: Varieties of Italian Catholic Enlightenment.  |t Lodovico Antonio Muratori (1672-1750): Enlightenment in a Tridentine mode /  |r Paola Vismara --  |t Antonio Genovesi (1713-1769): reform through commerce and renewed natural law /  |r Niccolò Guasti --  |t Maria Gaetana Agnesi (1718-1799): science and mysticism /  |r Massimo Mazzotti --  |g part 6: Catholicism, Enlightenment, and the Iberian states.  |t Benito Jerónimo Feijoo y Montenegro (1676-1764): Benedictine and skeptic enlightener /  |r Francisco Sánchez-Blanco --  |t Josep Climent i Avinent (1706-1781): enlightened Catholic, civic humanist, seditionist /  |r Andrea J. Smidt --  |g part 7: Transnational trajectories: the intersection of Irish, French, Italian, and Habsburg developments.  |t Ruggiero Boscovich (1711-1787): Jesuit science in an Enlightenment context /  |r Jonathan A. Wright --  |t Luke Joseph Hooke (1714-1796): theological tolerance in an apologetic mold /  |r Thomas O'Connor --  |g part 8: Catholicism in Protestant territorial-dynastic states: Scottish and English Enlightenment variations.  |t Andrew Michael Ramsay (1686-1743): Catholic freethinking and enlightened mysticism /  |r Gabriel Glickman --  |t Alexander Geddes (1737-1802): biblical criticism, ecclesistical democracy, and Jacobinism /  |r Mark Goldie --  |g part 9: The Polish Catholic Enlightenment.  |t Stanisław Konarski (1700-1772): a Polish Machiavelli? /  |r Jerzy Lukowski --  |t Hugo Kołłątaj (1750-1812): the revolutionary priest /  |r Anna Łysiak-Łątkowska. 
588 0 |a Print version record. 
500 |a Electronic resource. 
610 2 0 |a Catholic Church  |z Europe  |x History  |y 18th century. 
650 0 |a Enlightenment  |z Europe.  |0 http://id.loc.gov/authorities/subjects/sh2008119708 
651 0 |a Europe  |x Church history  |y 18th century. 
651 0 |a Europe  |x Intellectual life  |y 18th century.  |0 http://id.loc.gov/authorities/subjects/sh85045728 
648 7 |a 1700 - 1799  |2 fast 
655 7 |a Electronic books.  |2 local 
700 1 |a Burson, Jeffrey D.,  |e editor.  |0 http://id.loc.gov/authorities/names/n2010010249 
700 1 |a Lehner, Ulrich L.,  |d 1976-  |e editor.  |0 http://id.loc.gov/authorities/names/nb2004303829 
710 2 |a ebrary, Inc.  |0 http://id.loc.gov/authorities/names/no2007088509 
776 1 8 |c Original  |z 9780268022402  |z 0268022402  |w (DLC) 2013044487 
856 4 1 |u https://ebookcentral.proquest.com/lib/tamucs/detail.action?docID=3441161  |y Connect to the full text of this electronic book  |t 0 
955 |a YBP purchased DDA e-records 
980 |b 48.30  |g 1 
987 |a ybp11775103 
999 f f |s ac3a3168-1159-3a98-9c5b-7ce7d6f3b347  |i 1ae2fa91-938e-386f-a350-915c93322f0a  |t 0 
952 f f |a Texas A&M University  |b College Station  |c Electronic Resources  |d Available Online  |t 0  |e BX1361 .E55 2014  |h Library of Congress classification 
998 f f |a BX1361 .E55 2014  |t 0  |l Available Online